[Event "DOM-ch (Women)"]
[Site "Santo Domingo"]
[Date "2019.03.09"]
[Round "7"]
[White "Yege Pena, Ayesha Diane"]
[Black "Jose, Marianela"]
[Result "1-0"]
[WhiteElo "1467"]
[BlackElo "1553"]
[PlyCount "63"]
[EventDate "2019.03.01"]
[EventType "swiss"]
[EventRounds "8"]
[EventCountry "DOM"]
[SourceTitle "CBM 189 Extra"]
[Source "ChessBase"]
[SourceDate "2019.06.03"]
[SourceVersion "1"]
[SourceVersionDate "2019.06.03"]
[SourceQuality "1"]

1. e4 e5 2. Nf3 Nc6 3. d4 exd4 4. Nxd4 Bc5 5. Be3 Bxd4 6. Bxd4 Qg5 7. Be3 Qe5 8. Nc3 Nf6 9. f3 d6 10. Qd2 0-0 11. 0-0-0 Be6 12. Nd5 Bxd5 13. exd5 Nd8 14. Bf4 Qe8 15. Bg5 Nh5 16. g4 f6 17. Bh4 Qa4 18. Kb1 Nf4 19. Bg3 Ng6 20. f4 f5 21. g5 Qe4 22. Bg2 Qe7 23. Rhe1 Qd7 24. h4 h5 25. Bf3 Nxh4 26. Bxh4 g6 27. Re2 c6 28. Rde1 Nf7 29. Re7 Qc8 30. R7e6 Kg7 31. Qd4+ Kh7 32. Qf6 1-0

[Event "DOM-ch (Women)"]
[Site "Santo Domingo"]
[Date "2019.03.08"]
[Round "5"]
[White "Moronta Ramos, Dianelva Altagracia"]
[Black "Jose, Marianela"]
[Result "0-1"]
[WhiteElo "1638"]
[BlackElo "1553"]
[PlyCount "118"]
[EventDate "2019.03.01"]
[EventType "swiss"]
[EventRounds "8"]
[EventCountry "DOM"]
[SourceTitle "CBM 189 Extra"]
[Source "ChessBase"]
[SourceDate "2019.06.03"]
[SourceVersion "1"]
[SourceVersionDate "2019.06.03"]
[SourceQuality "1"]

1. d4 Nf6 2. Nf3 e6 3. Bf4 d5 4. e3 Nbd7 5. h3 a6 6. Bd3 b5 7. c3 c5 8. dxc5 Bxc5 9. Nbd2 Bb7 10. 0-0 0-0 11. Re1 Nb6 12. Qc2 h6 13. Rad1 Qe8 14. Ne5 Nc4 15. Ndf3 Nd7 16. Nxd7 Qxd7 17. Ne5 Nxe5 18. Bxe5 f6 19. Bh2 Kh8 20. Bg3 f5 21. Be5 Bd6 22. Bxd6 Qxd6 23. e4 fxe4 24. Bxe4 Qf4 25. Bf3 Rae8 26. Rd4 Qf6 27. Bh5 Re7 28. Rg4 Qf5 29. Qxf5 Rxf5 30. Bg6 Rf6 31. Re5 Bc8 32. Bc2 Ref7 33. f3 Rf4 34. Rxf4 Rxf4 35. Kf2 g5 36. Kg3 Kg7 37. h4 Rxh4 38. Kf2 Kf6 39. Re2 e5 40. Rd2 Bb7 41. Bb3 Ke6 42. Kg1 Rf4 43. Re2 h5 44. Re3 h4 45. Kh2 Kd6 46. Bc2 Bc8 47. b3 g4 48. fxg4 Bxg4 49. Kg1 Bf5 50. Bxf5 Rxf5 51. Rh3 Rf4 52. Rd3 Kc5 53. Rd2 Rg4 54. Rf2 Rf4 55. Rxf4 exf4 56. Kh2 b4 57. c4 d4 58. Kg1 d3 59. Kf2 Kd4 0-1

[Event "DOM-ch (Women)"]
[Site "Santo Domingo"]
[Date "2019.03.01"]
[Round "1"]
[White "Castillo Pena, Patricia Evarista"]
[Black "Jose, Marianela"]
[Result "1-0"]
[WhiteElo "1795"]
[BlackElo "1553"]
[PlyCount "87"]
[EventDate "2019.03.01"]
[EventType "swiss"]
[EventRounds "8"]
[EventCountry "DOM"]
[SourceTitle "CBM 189 Extra"]
[Source "ChessBase"]
[SourceDate "2019.06.03"]
[SourceVersion "1"]
[SourceVersionDate "2019.06.03"]
[SourceQuality "1"]

1. d4 Nf6 2. Nf3 e6 3. e3 d5 4. Bd3 Nbd7 5. 0-0 c5 6. b3 Be7 7. Bb2 0-0 8. Nbd2 b6 9. Ne5 Bb7 10. f4 Ne4 11. Nxe4 Nxe5 12. fxe5 dxe4 13. Bc4 Bg5 14. Qe2 Re8 15. Rad1 Qe7 16. Rf2 f6 17. dxc5 fxe5 18. Rd6 Bd5 19. Rxd5 exd5 20. Bxd5+ Kh8 21. Bxe4 Rac8 22. Qh5 Bh6 23. Qf5 g6 24. Qh3 Qg5 25. Rf3 Bg7 26. c6 Rc7 27. c4 Rd8 28. Bd5 Qe7 29. Qg3 Rf8 30. Rxf8+ Qxf8 31. Bxe5 Rc8 32. Bd4 Bxd4 33. exd4 Qe7 34. Qe5+ Qxe5 35. dxe5 Kg7 36. Kf2 Kf8 37. Ke3 Ke7 38. Kd4 Rd8 39. b4 h6 40. a4 Rc8 41. c5 Rc7 42. Kc4 bxc5 43. Kxc5 Kd8 44. Kd6 1-0